[Event "Toronto Labour Day op"]
[Site "Toronto"]
[Date "1986.08.30"]
[Round "2"]
[White "Mowers, Anthony"]
[Black "Pacey, Kevin"]
[Result "0-1"]
[WhiteElo "1820"]
[BlackElo "2323"]
[PlyCount "68"]
[EventDate "1986.08.30"]
[EventType "swiss"]
[EventRounds "6"]
[EventCountry "CAN"]
[SourceTitle "EXT 2022"]
[Source "ChessBase"]
[SourceDate "2021.10.06"]
[SourceVersion "1"]
[SourceVersionDate "2021.10.06"]
[SourceQuality "1"]

1. Nf3 b6 2. b3 Bb7 3. Bb2 Nf6 4. e3 e6 5. d4 c5 6. Nbd2 Be7 7. Bd3 Nc6 8. 0-0 Rc8 9. Re1 cxd4 10. Nxd4 d5 11. Nxc6 Bxc6 12. Rc1 0-0 13. c4 dxc4 14. Bxc4 Bb4 15. Bc3 Bxc3 16. Rxc3 Bxg2 17. Kxg2 b5 18. Rd3 Qc7 19. Bxb5 Qb7+ 20. Qf3 Qxb5 21. Nc4 Nd5 22. Red1 Qb8 23. Qg3 Qa8 24. Qf3 f5 25. Kf1 Qb8 26. Qg3 f4 27. Qh3 fxe3 28. Nxe3 Nf4 29. Qg4 Nxd3 30. Qxe6+ Kh8 31. Rxd3 Qxh2 32. Nf5 Qh1+ 33. Ke2 Rce8 34. Ne7 Qh4 0-1